00274nam a22001217a 4500003000400000005001700004008004100021040001400062100001400076245002100090260003300111300000800144OSt20180127154913.0180127b xxu||||| |||| 00| 0 eng d csero soft aJain,Indu aScience (Sem -1) aLucknowbThakur Pub Pvt Ltd  a175